000 00367nam a22001577a 4500
999 _c11132
_d11132
003 OSt
008 220411b ||||| |||| 00| 0 eng d
082 _a920.54 JNU
100 _aJUNEJA,MM
245 _aUnending Popularity of Bhagat Singh
250 _a1st
260 _aPanchukala
_bModern Pub
_c2016
300 _a143
650 _aGeneral Book
942 _2ddc
_cBK